Captain Underpants and the revolting revenge of the radioactive robo-boxers / (Record no. 2676)

MARC details
000 -LEADER
fixed length control field 00795nam a22002535i 4500
005 - DATE AND TIME OF LATEST TRANSACTION
control field 20240109144349.0
020 ## - INTERNATIONAL STANDARD BOOK NUMBER
International Standard Book Number 9781338347234 (hc)
040 ## - CATALOGING SOURCE
Original cataloging agency DLC
Language of cataloging eng
Description conventions rda
Transcribing agency DLC
050 ## - LIBRARY OF CONGRESS CALL NUMBER
Classification number PZ7.P63123
082 ## - DEWEY DECIMAL CLASSIFICATION NUMBER
Classification number 813.6
100 1# - MAIN ENTRY--PERSONAL NAME
Personal name Pilkey, Dav
245 10 - TITLE STATEMENT
Title Captain Underpants and the revolting revenge of the radioactive robo-boxers /
Statement of responsibility, etc. Dav Pilkey
250 ## - EDITION STATEMENT
Edition statement This edition published 2014
260 ## - PUBLICATION, DISTRIBUTION, ETC.
Place of publication, distribution, etc. London :
Name of publisher, distributor, etc. Scholastic,
Date of publication, distribution, etc. 2013
300 ## - PHYSICAL DESCRIPTION
Extent 221 pages ;
Other physical details illustrations ;
Dimensions 20 cm
490 0# - SERIES STATEMENT
Series statement Captain Underpants ;
Volume/sequential designation Book 10
505 ## - FORMATTED CONTENTS NOTE
Formatted contents note S
520 ## - SUMMARY, ETC.
Summary, etc. George and Harold are forced to contemplate a world without Captain Underpants.
521 ## - TARGET AUDIENCE NOTE
Target audience note 890
Source Lexile
521 ## - TARGET AUDIENCE NOTE
Target audience note S
Source Raz-Plus
906 ## - LOCAL DATA ELEMENT F, LDF (RLIN)
a 0
b ibc
c orignew
d 2
e epcn
f 20
g y-gencatlg
942 ## - ADDED ENTRY ELEMENTS (KOHA)
Source of classification or shelving scheme Dewey Decimal Classification
Koha item type Books
Suppress in OPAC No
999 ## -
-- 2676
-- 2676
Holdings
Withdrawn status Lost status Source of classification or shelving scheme Damaged status Not for loan Collection Home library Current library Shelving location Date acquired Total Checkouts Full call number Barcode Date last seen Price effective from Koha item type
    Dewey Decimal Classification     Juvenile Fiction Footprints International School Library Network Toul Kork Campus Footprints International School Library Network Toul Kork Campus   01/09/2024   PIL 813.6 PZ7.P63123 FIS00678 01/09/2024 01/09/2024 Books